| 000 | 00590nam a22001817a 4500 | ||
|---|---|---|---|
| 005 | 20171017142749.0 | ||
| 010 | _aENG-121012 | ||
| 020 | _c240.00 | ||
| 035 | _aEN-104544 | ||
| 037 | _bDBAD/PUB | ||
| 082 | _a230.51 | ||
| 100 | _aSai, Vasantha | ||
| 245 |
_aBeyond the vedas : _cby Vasantha Sai _bsupreme absolute / |
||
| 260 |
_aTamil Nadu _bSai Vasanthasai Books & Publications _c2006 |
||
| 270 |
_aRoyapalayam Village B.O. Thirumangalam S.O. Madurai-Virudhunagar Road _bTamil Nadu _e625706 |
||
| 300 |
_axii,263,[24p.] _c25cm(pbk) |
||
| 942 |
_2ddc _cEN _h230.51 _mSAI |
||
| 999 |
_c146707 _d146707 |
||